LEADER 00803nam a2200205 4500 001 000000364326 003 CaOOAMICUS 005 20250915145928.0 008 250915s1972 it a 000 u ita r 040 $aSeMil$bita 245 04$aGli esseri viventi 2. 264 1$aNovara :$bIstituto Geografico De Agostini,$c1972. 300 $aP. 354-731 :$bill. ;$c30 cm 773 0 $tScienze biologiche.$dNovara : Istituto Geografico De Agostini, 1971-1973.$w()364317 850 $aSeMil 852 $aSeMil$W1$xVenegono$y1$m3X VI 63/6$j261826$B255195$CSeMilBibl$Z2$F255195 $81 961 $aCaspani don Pierpaolo - Omaggio 996 $6245$aGli esseri viventi 2$9(OLS)http://semarc/title/455692 996 $6264$aNovara :$bIstituto Geografico De Agostini$9(OLS)http://semarc/publisher/31865 LEADER 00860nam a2200217 i 4500 001 000000172678 003 CaOOAMICUS 005 20080620000000.0 008 080620n it u000 u ita u 013 $a150121 040 $aSeMil$bita 100 1 $aHume, David,$d<1711-1776>.$0(OLS)http://semarc/name/1506 245 10$a2. 490 0 $aBiblioteca Universale Laterza ;$v61.2 650 4$aGnoseologia filosofica.$0(OLS)http://semarc/subject/5462 773 0 $aHume, David <1711-1776>$tTrattato sulla natura umana.$dRoma ; Bari : Laterza, 1982.$kBiblioteca universale Laterza$g2$w()19683 830 0$aBiblioteca universale Laterza ;$v61.2.$0(OLS)http://semarc/title/6930 850 $aSeMil 852 $aSeMil$W1$xVenegono$y1$m2P I 518$j123532$B123532$CSeMilBibl$Z2$F134650 $81 961 $aAcquisto: Altro 996 $6245$a2$9(OLS)http://semarc/title/46889 LEADER 00575naa a2200157 i 4500 001 000000293828 003 CaOOAMICUS 005 20180831172454.0 008 180831n xx u000 u und u 013 $a1112 040 $aSeMil$bita 100 1 $aJohnson, Helen Armstead.$0(OLS)http://semarc/name/84961 245 12$aI Negro Spirituals tradizionali e la Bibbia. 650 4$aMusica - Spirituals.$0(OLS)http://semarc/subject/10796 773 0 $tMusica e la Bibbia.$dRoma : Garamond, 1992.$w()42379 996 $6245$aI Negro Spirituals tradizionali e la Bibbia$9(OLS)http://semarc/title/369918 LEADER 00836nam a2200229 i 4500 001 000000159617 003 CaOOAMICUS 005 20070228000000.0 008 070228s2000 it u000 u ita u 013 $a136980 020 $a88-04-47673-7 040 $aSeMil$bita 245 14$aGli scritti apostolici :$bAtti, Lettere, Apocalisse. 300 $a473 p. 490 0 $aOscar varia 773 0 $tLibri di Dio.$dMilano : Oscar Mondadori, 2000.$g6$w()17366 830 0$aOscar varia.$0(OLS)http://semarc/title/22930 850 $aSeMil 852 $aSeMil$W1$xVenegono$y1$m2VA IV 8$j266525$B111174$CSeMilBibl$Z2$F121894 $81 961 $aOmaggio: Borgonovo don Gianantonio 996 $6020$a88-04-47673-7$9(OLS)http://semarc/number/75258 996 $6245$aGli scritti apostolici :$bAtti, Lettere, Apocalisse$9(OLS)http://semarc/title/141770